书目信息 |
| 题名: |
单层厂房建筑设计
|
|
| 作者: | ;《单层厂房建筑设计》教材编写组 编 | |
| 分册: | ||
| 出版信息: | 北京 中国建筑工业出版社 1980 |
|
| 页数: | 210页 | |
| 开本: | 25cm | |
| 丛书名: | ||
| 单 册: | ||
| 中图分类: | TU27 | |
| 科图分类: | ||
| 主题词: | 工业建筑--建筑设计 | |
| 电子资源: | ||
| ISBN: | ||
| 000 | 00777nam0 2200253 45 | |
| 001 | 0180003937 | |
| 005 | 20040517095924.8 | |
| 010 | @dCNY1.40 | |
| 091 | @a15040.3844 | |
| 100 | @a19950630d1980 em y0chiy0121 ea | |
| 101 | 0 | @achi |
| 102 | @aCN@b110000 | |
| 105 | @ay z 000yy | |
| 106 | @ar | |
| 200 | 10 | @a单层厂房建筑设计@Adan ceng chang fang jian zhu she ji@f《单层厂房建筑设计》教材编写组编@F《Dan Ceng Chang Fang Jian Zhu She Ji》Jiao Cai Bian Xie Zu Bian |
| 210 | @a北京@c中国建筑工业出版社@d1980 | |
| 215 | @a210页@d25cm | |
| 300 | @a高等学校试用教材 | |
| 606 | 0 | @a工业建筑@x建筑设计 |
| 690 | @aTU27 | |
| 711 | 02 | @a《单层厂房建筑设计》教材编写组@4编 |
| 801 | 0 | @aCN@b上海图书馆@c20040517 |
| 801 | 2 | @aCN@bNLC@c20040517 |
| 905 | @f2@b104145-146@dTU27@e33 | |
| 单层厂房建筑设计/《单层厂房建筑设计》教材编写组编.-北京:中国建筑工业出版社,1980 |
| 210页;25cm |
| 高等学校试用教材 |
| ISBN :CNY1.40 |
| ● |
| 相关链接 |
|
|
|
|
正题名:单层厂房建筑设计
索取号:TU27/33
 
预约/预借
| 序号 | 登录号 | 条形码 | 馆藏地/架位号 | 状态 | 备注 |
| 1 | 0104145 | 001480766 | 第二样本阅览室/ [索取号:TU27/33] | 在馆 | |
| 2 | 0104146 | 001480695 | 第三借阅区/ [索取号:TU27/33] | 在馆 |